Fluid mechanics through worked out problems (Record no. 2538)

000 -LEADER
fixed length control field 00578nam a22002177a 4500
001 - CONTROL NUMBER
control field 2538
003 - CONTROL NUMBER IDENTIFIER
control field BD-DhUET
008 - FIXED-LENGTH DATA ELEMENTS--GENERAL INFORMATION
fixed length control field 140924b xxu||||| |||| 00| 0 eng d
020 ## - INTERNATIONAL STANDARD BOOK NUMBER
International Standard Book Number 9843109230
040 ## - CATALOGING SOURCE
Transcribing agency 0
Modifying agency BD-DhUET
082 ## - DEWEY DECIMAL CLASSIFICATION NUMBER
Classification number 532
Item number QUA/2006
100 ## - MAIN ENTRY--PERSONAL NAME
Personal name Quamrul Islam , Md.
245 ## - TITLE STATEMENT
Title Fluid mechanics through worked out problems
250 ## - EDITION STATEMENT
Edition statement 1st ed.
260 ## - PUBLICATION, DISTRIBUTION, ETC. (IMPRINT)
Place of publication, distribution, etc. Gazipur
Name of publisher, distributor, etc. Islamic University of Technology
Date of publication, distribution, etc. 2006
300 ## - PHYSICAL DESCRIPTION
Extent xii,777 p.
504 ## - BIBLIOGRAPHY, ETC. NOTE
Bibliography, etc Includes bibliographies
650 #0 - SUBJECT ADDED ENTRY--TOPICAL TERM
Topical term or geographic name as entry element Fluid mechanics
700 ## - ADDED ENTRY--PERSONAL NAME
Personal name Mondal , Amalesh Chandra
942 ## - ADDED ENTRY ELEMENTS (KOHA)
Koha item type General Book
Holdings
Not for loan Koha date last borrowed Piece designation (barcode) Sublocation or collection (holding branch) Koha item type Date acquired Koha issues (times borrowed) Koha renewals Copy number Koha normalized classification for sorting Koha full call number Price effective from Location (home branch) Lost status Koha out on loan Shelving location Withdrawn status Koha date last seen Source of classification or shelving scheme Damaged status
 2024-08-31102749Central Library, BUETGeneral Book2014-09-249 1532QUA2006532/QUA/20062014-09-24Central Library, BUET 2024-09-14Circulation section 2024-08-31  
 2025-08-10102750Central Library, BUETGeneral Book2014-09-2416 2532_000000000000000_QUA_2006532/QUA/20062014-09-24Central Library, BUET  Circulation section 2025-11-09  
 2026-03-30102751Central Library, BUETGeneral Book2014-09-241513532_000000000000000_QUA_2006532/QUA/20062014-09-24Central Library, BUET  Circulation section 2026-04-12  
 2025-06-30102748Central Library, BUETGeneral Book2015-08-1724 4532_000000000000000_QUA_2006532/QUA/20062015-08-17Central Library, BUET 2025-07-14Circulation section 2025-06-30  
 2023-12-02102752Central Library, BUETGeneral Book2006-11-0610 5532_000000000000000_QUA_2006532/QUA/20062018-04-21Central Library, BUET 2023-12-16Circulation section 2023-12-02